000 00460nam a22001697a 4500
005 20251108172052.0
008 250721s1980 xx 000 0 ara d
082 1 4 _a398.809565/سلي
100 1 _aعويس، سليمان أيوب
245 1 0 _aمواويل رافضة /
264 1 _aبيروت :
_bدار العوده،
_c1980.
300 _a276ص
650 1 7 _aالشعر الشعبي
650 1 7 _aالأردن
942 _2ddc
_cBK
999 _c69628
_d69628